| 000 | 01186nam0a22003131 4500 | ||
|---|---|---|---|
| 001 | RU\INFOCOMM_318\NLR\5000075929 | ||
| 005 | 20250613103800.0 | ||
| 035 | _a(NLR Aleph) 009479507 | ||
| 090 |
_a8578438 _c8578438 |
||
| 100 | _a20121129d1981 |||y0rusy50 ca | ||
| 101 | 0 | _aeng | |
| 102 | _aRU | ||
| 105 | _ay z ||||| | ||
| 200 | 1 |
_aProceedings of the XV International conference on phenomena in ionized gases, 1981, Minsk, July 14-18, 1981, USSR _eInvited papers |
|
| 210 |
_a[M.] _d1981 |
||
| 215 |
_a443 с. _cил. _d29 см |
||
| 300 | _aЗагл. обл.: Phenomena in ionized gases, 1981 | ||
| 300 | _aВ вып. дан.: Явления в ионизованных газах | ||
| 320 | _aБиблиогр. в конце докл. | ||
| 512 | 1 | _aPhenomena in ionized gases, 1981 | |
| 606 |
_aГазы _xИонизированные _xСъезды, совещания и т. п. _2nlr_sh1 |
||
| 620 | _aМосква | ||
| 686 |
_aВ333Я431 _2rubbk |
||
| 710 | 1 | 2 |
_aInternational conference on ionization phenomena in gases _d15 _eMinsk _f1981 _4070 |
| 801 | 1 |
_aRU _bNLR _c20121129 |
|
| 801 | 0 |
_aRU _bINFOCOMM _gPSBO |
|
| 852 |
_aNLR _jФз01 Д-7/350 |
||
| 942 | _cBOOK | ||
| 980 | _aNB | ||